LEADER 00865nam0-2200241 --450 001 9910758001303321 005 20231123112409.0 100 $a20231123d1974----kmuy0itay5050 ba 101 0 $aita 102 $aIT 105 $a 001yy 200 1 $aNapoli$eproposta per sistemi pedonali continui intorno alle autostrade urbane$ememoria del Corso di composizione architettonica 5., 1971-72, 1972.73$fM. Pica Ciamarra ... [et al.] 210 $aNapoli$cIstituto di prgettazione architettonica, Facoltà di architettura$dstampa 1974 215 $a[15] c., [1] c. di tav.$cill.$d30 cm 702 1$aPica Ciamarra,$bMassimo$f<1937- > 801 0$aIT$bUNINA$gREICAT$2UNIMARC 901 $aBK 912 $a9910758001303321 952 $aCAPPIELLO 14$bCAP 14$fDARPU 952 $aCAPPIELLO 15$bCAP 15$fDARPU 959 $aDARPU 996 $aNapoli$956117 997 $aUNINA LEADER 00831nas 2200337 c 450 001 9910893981103321 005 20260218112614.0 035 $a(CKB)5280000000201425 035 $a(DE-599)ZDB2833391-3 035 $a(DE-101)107617602X 035 $a(DE-599)2833391-3 035 $a(EXLCZ)995280000000201425 100 $a20150904b19831984 |y | 101 0 $aben 135 $aur||||||||||| 181 $ctxt$2rdacontent 182 $cc$2rdamedia 183 $acr$2rdacarrier 200 00$aAdhuna? 210 31$aKalaka?ta?$c[s.n.]$d1983-1984 215 $aOnline-Ressource 608 $aZeitschrift$2gnd-content 676 $a890 686 $a6,24$2ssgn 801 0$b0016 801 1$bDE-101 801 2$b9999 906 $aJOURNAL 912 $a9910893981103321 996 $aAdhuna?$94243331 997 $aUNINA